The Number of the Band? - Statistics

General Stats
  • This quiz has been taken 57 times
  • The average score is 17 of 20
Answer Stats
Band Name Number % Correct
_ Direction 1
100%
_ Non-Blondes 4
100%
U_ 2
98%
MC_ 5
98%
_ Star 5
98%
_ Inch Nails 9
98%
__ Cent 50
96%
The _ Degrees 3
94%
_ Colours Red 3
94%
UB__ 40
94%
__cc 10
90%
The B__s 52
85%
Blink ___ 182
83%
Matchbox __ 20
83%
Shed _ 7
73%
__,___ Maniacs 10000
69%
Sum __ 41
67%
Level __ 42
67%
East __ 17
65%
Sham __ 69
44%
No matching quizzes found
Score Distribution
Percent of People with Each Score
Percentile by Number Answered
Your Score History
You have not taken this quiz